书目信息 |
| 题名: |
农村用电
|
|
| 作者: | 李树轩 著 | |
| 分册: | ||
| 出版信息: | 不详 河北省科学技术协会 1963.10 |
|
| 页数: | 69页 | |
| 开本: | 20cm | |
| 丛书名: | ||
| 单 册: | ||
| 中图分类: | TM7 | |
| 科图分类: | ||
| 主题词: | 输电--电力工程 , 配电系统--电力工程 , 电力系统 | |
| 电子资源: | ||
| ISBN: | ||
| 000 | 00542nam0 2200205 450 | |
| 001 | 0639892414 | |
| 005 | 20060815151840.96 | |
| 010 | @d不详 | |
| 100 | @a20060801d1963 km y0chiy0120 ea | |
| 101 | 0 | @achi |
| 200 | 1 | @a农村用电@Anong cun yong dian@f李树轩 著@Fli shu xuan zhu |
| 210 | @a不详@c河北省科学技术协会@d1963.10 | |
| 215 | @a69页@d20cm | |
| 606 | 0 | @a输电@x电力工程 |
| 606 | 0 | @a配电系统@x电力工程 |
| 606 | 0 | @a电力系统 |
| 690 | @aTM7@v3 | |
| 701 | 0 | @a李树轩@Ali shu xuan@4著 |
| 801 | 0 | @aCN@bPFT@c20060815 |
| 905 | @a10447@dTM7@e23 | |
| 农村用电/李树轩 著.-不详:河北省科学技术协会,1963.10 |
| 69页;20cm |
| ISBN :不详 |
| ● |
| 相关链接 |
|
|
|
|
正题名:农村用电
索取号:TM7/23
 
预约/预借
| 序号 | 登录号 | 条形码 | 馆藏地/架位号 | 状态 | 备注 |
| 1 | 0439289 | 204392898 | 密集书库/ [索取号:TM7/23] | 在馆 | |
| 2 | 0458159 | 204581595 | 密集书库/ [索取号:TM7/23] | 在馆 | |
| 3 | 0458555 | 204585555 | 密集书库/ [索取号:TM7/23] | 在馆 |